000 00470nam a2200181Ia 4500
001 11721
005 20260306162849.0
008 260306t2023||||xx |||||||||||||| ||spa||
041 _aESP
082 _aHR 006
_bV. 10 N° 3 2023 PC
110 _aAssociation for Computing Machinery
245 0 _aACM transactions on parallel computing
260 _c2023
300 _aVarias paginaciones :
_c25 cm.
650 _aGEN
654 _aCCC
942 _cREV
_dJUS
_fJUS
_2ddc
_n
999 _c11721
_d11721